| 000 | 01085nam a2200205 a 4500 | ||
|---|---|---|---|
| 001 | 000026804 | ||
| 005 | 20200930030424.0 | ||
| 008 | 110325s1995 dr ad 000 0 spa d | ||
| 040 |
_aDO-SdBNP _bspa _cBNPHU |
||
| 082 |
_a615.1 _bC749p |
||
| 111 | 2 |
_aCongreso Nacional sobre Medicamentos : la empresa farmacéutica en ruta hacia el siglo XXI: calidad, desarrollo y globalización _n(4a. : _d1995, ago. 31-2 sep.: _cSanto Domingo) _953913 |
|
| 245 | 1 | 0 |
_aPonencias del IV Congreso Nacional sobre Medicamentos : _bla empresa farmacéutica en ruta hacia el siglo XXI: calidad, desarrollo y globalización. |
| 260 |
_aSanto Domingo : _bARAPF, _c1995. |
||
| 300 |
_a101 p. : _bil., gráf. ; _c28 cm. |
||
| 590 | _aInventariado, 2018/LP | ||
| 650 | 4 |
_aIndustria farmacéutica _zRepública Dominicana _xCongresos, conferencias , etc. _953914 |
|
| 650 | 4 |
_aIndusria farmacéutica _xControl de calidad _xCongresos, conferencias , etc. _953915 |
|
| 710 | 2 |
_aAsociación de Representantes, Agentes y Productores Farmacéuticos (República Dominicana) _953916 |
|
| 910 | _aValidado. Control de calidad MFF | ||
| 999 |
_c26296 _d26296 |
||